00359nam a2200133 a 450000500170000000800410001702000150005805000240007310000180009724500370011526000400015230000210019265000120021320140310183202.0021220s19uu xx 00 eng d a0373022336 aPN 6071b.H231 1979 aHampson, Anne aTo tame a vixen /cAnne Hampson. aUSA :bMills & Boon Limited,c1979. a186 p. :c18 cm. aFiction